|
|
|
|
| LEADER |
00000cam a2200000 7i4500 |
| 001 |
0000071481 |
| 005 |
20220105105418.0 |
| 008 |
170313 |
| 020 |
|
|
|a 072390071X
|
| 020 |
|
|
|a 9780723900719
|
| 090 |
0 |
0 |
|a NH
|b ENG
|
| 100 |
1 |
|
|a Spurgeon, Maureen
|
| 245 |
1 |
0 |
|a Know the world of Horses and Ponies
|c Maureen Spurgeon; illustrated by Robert Morton and George Fryer
|
| 260 |
|
|
|a England :
|b Kibworth Books ,
|c 1993
|
| 300 |
|
|
|a 48pg. :
|b col.ill
|
| 500 |
|
|
|a Children ages 7-9 years old (orange)
|
| 650 |
|
0 |
|a Animal
|
| 650 |
|
0 |
|a Horses
|x Juvenile literature
|
| 650 |
|
0 |
|a Ponies
|x Juvenile literature
|
| 999 |
|
|
|a 0001130189
|b Book
|c Children Collection
|e Cawangan Segamat
|